000 00533cam a22002051 4500
001 he 68001077
003 DLC
005 20260227111457.0
008 840529s1967 is 000 0 heb
010 _ahe 68001077
035 _a(OCoLC)19137978
040 _aDLC
_cMH
_dCU
_dDLC
042 _apremarc
050 0 0 _aPJ5054.S265
_bB4
100 1 _aShadmi, Ḥanan.
245 1 0 _aBe-ron ṭal :
_bshirim.
260 _a[Tel Aviv] :
_bMaḥbarot le-sifrut
_c[1967 or 1968]
300 _a95 p. ;
_c18 cm.
752 _aIsrael
_dTel Aviv
999 _c33190
_d33190